Datum a čas kvízu
30
Celkem bodů
Celkový počet nahraných bodů na tomto kvízu bez doplňovacích otázek.
6.
Pořadí na kvízu
Konečné umístění týmu na tomto kvízu.
Zaznamenané odpovědi
| # | Otázka | Odpověď | Body | Výsledky |
|---|---|---|---|---|
| 1. | Jeden myslivec šel v minulých... | tabák | 1 | |
| 2. | Londýnská metropolitní policie... | Ekvádor | 1 | |
| 3. | Deset koncertů a dost! Jak se... | Spirituál kvintet | 0 | |
| 4. | Strakonická firma, specializuj... | Moira | 0 | |
| 5. | Bývalý kapitán reprezentace On... | ve volejbale | 0 | |
| 6. | V tomto tématu se podíváme na... | Všechno bude, Zelená kniha | 0.5 | |
| 5. | Jak se jmenuje komediální road... | Blbý a blbější | 1 | |
| 8. | Na komediální road movie Pařba... | Bangkok | 1 | |
| 5. | V českém prostředí jsou v dneš... | v Indii | 0 | |
| 10. | Jistou formou road movies jsou... | v Argentině | 1 |